[Event "GER-chT2 LF-22 B4 email"]
[Site "GER email"]
[Date "2007.??.??"]
[Round "?"]
[White "Neumann, Christoph"]
[Black "Kolb, Rolf"]
[Result "0-1"]
[WhiteElo "2080"]
[BlackElo "2160"]
[PlyCount "86"]
[EventDate "2007.??.??"]
[EventType "team (corr)"]
[EventRounds "9"]
[EventCountry "GER"]
[SourceTitle "Corr 2008"]
[Source "ChessBase"]
[SourceDate "2008.06.24"]
[SourceVersion "1"]
[SourceVersionDate "2008.06.24"]
[SourceQuality "1"]

1. d4 e6 2. c4 Nf6 3. Nc3 Bb4 4. Bg5 h6 5. Bh4 c5 6. e3 cxd4 7. exd4 Qa5 8. Nge2 Ne4 9. Qd3 d5 10. a3 Nc6 11. Rd1 Bd6 12. f3 Nxc3 13. Nxc3 dxc4 14. Qxc4 0-0 15. Bd3 Bd7 16. 0-0 Rac8 17. Bb1 Ne7 18. Qd3 Ng6 19. Bg3 Bxa3 20. Qe2 Bb4 21. Bxg6 fxg6 22. Qe4 Kh7 23. Rc1 Qb6 24. Be5 a5 25. Qe3 Be7 26. Rc2 Qb3 27. Rfc1 Rc6 28. Re2 a4 29. Ra1 Rfc8 30. Kf2 Bh4+ 31. g3 Bg5 32. f4 Rxc3 33. bxc3 Rxc3 34. Qd2 Be7 35. Qa2 Qb5 36. Re3 Rc4 37. Qe2 Bc6 38. Rg1 Qd5 39. h4 h5 40. Rd3 b5 41. f5 gxf5 42. Qxh5+ Kg8 43. Qe2 b4 0-1

[Event "Regionalliga NW 9900"]
[Site "Bayern"]
[Date "2000.??.??"]
[Round "8.7"]
[White "Neumann, Christoph"]
[Black "Kwossek, Georg"]
[Result "1/2-1/2"]
[WhiteElo "1865"]
[BlackElo "1895"]
[PlyCount "54"]
[EventDate "1999.??.??"]
[EventType "team-tourn"]
[EventRounds "9"]
[EventCountry "GER"]
[SourceTitle "EXT 2020"]
[Source "ChessBase"]
[SourceDate "2019.10.17"]
[SourceVersion "1"]
[SourceVersionDate "2019.10.17"]
[SourceQuality "1"]
[WhiteTeam "Sand"]
[BlackTeam "Kitzingen SC"]
[WhiteTeamCountry "GER"]
[BlackTeamCountry "GER"]

1. d4 Nf6 2. Nf3 b6 3. c4 e6 4. Bg5 Bb7 5. e3 h6 6. Bh4 Bb4+ 7. Nc3 c5 8. Rc1 d6 9. Bd3 g5 10. Bg3 Ne4 11. 0-0 Bxc3 12. bxc3 Nxg3 13. fxg3 g4 14. Nh4 Qg5 15. Rf4 Rg8 16. Qe2 Nd7 17. Rcf1 Rg7 18. Qf2 0-0-0 19. e4 h5 20. Kh1 Rf8 21. Qe2 Qe7 22. d5 Ba8 23. R1f2 Re8 24. Qf1 Ne5 25. Bc2 Bb7 26. Ba4 Rd8 27. Rb2 Rh8 1/2-1/2

[Event "Regionalliga NW 9899"]
[Site "Bayern"]
[Date "1999.??.??"]
[Round "4.6"]
[White "Neumann, Christoph"]
[Black "Hager, Martin"]
[Result "0-1"]
[WhiteElo "1880"]
[BlackElo "1870"]
[PlyCount "38"]
[EventDate "1998.??.??"]
[EventType "team-tourn"]
[EventRounds "9"]
[EventCountry "GER"]
[SourceTitle "EXT 2020"]
[Source "ChessBase"]
[SourceDate "2019.10.17"]
[SourceVersion "1"]
[SourceVersionDate "2019.10.17"]
[SourceQuality "1"]
[WhiteTeam "Sand"]
[BlackTeam "Coburg"]
[WhiteTeamCountry "GER"]
[BlackTeamCountry "GER"]

1. d4 c5 2. e3 Nf6 3. Nf3 e6 4. Bd3 d5 5. c3 Nc6 6. Nbd2 Be7 7. 0-0 0-0 8. dxc5 Bxc5 9. e4 e5 10. exd5 Qxd5 11. Qe2 Bg4 12. Ne4 Rad8 13. Nxf6+ gxf6 14. Bc4 Qd7 15. Qc2 Bxf3 16. gxf3 Kh8 17. Kh1 Rg8 18. f4 Qh3 19. f3 Qxf3+ 0-1

[Event "Regionalliga NW 9697"]
[Site "Bayern"]
[Date "1997.??.??"]
[Round "?"]
[White "Neumann, Christoph"]
[Black "Bachmann, Wolfgang"]
[Result "0-1"]
[WhiteElo "1875"]
[BlackElo "1960"]
[PlyCount "124"]
[EventDate "1996.10.??"]
[EventType "team-tourn"]
[EventRounds "9"]
[EventCountry "GER"]
[SourceTitle "EXT 1999"]
[Source "ChessBase"]
[SourceDate "1998.11.16"]
[SourceVersion "1"]
[SourceVersionDate "1998.11.16"]
[SourceQuality "1"]
[WhiteTeam "Sand"]
[BlackTeam "Burgsinn"]
[WhiteTeamCountry "GER"]
[BlackTeamCountry "GER"]

1. d4 f5 2. e4 fxe4 3. Nc3 Nf6 4. f3 d5 5. Bg5 Bf5 6. Bxf6 exf6 7. fxe4 dxe4 8. Bc4 c6 9. Nge2 Bd6 10. 0-0 Bg6 11. Qe1 Qc7 12. Qh4 Nd7 13. Nf4 Bxf4 14. Rxf4 0-0-0 15. Nxe4 Nb6 16. Be6+ Kb8 17. Nc5 Bxc2 18. Qf2 Qd6 19. Rc1 Bg6 20. Bh3 Rhe8 21. a4 Nd5 22. Rf3 Bh5 23. g4 Bf7 24. a5 Ka8 25. Qd2 g5 26. Bg2 Re7 27. a6 b6 28. Nb7 Rxb7 29. axb7+ Kxb7 30. Ra3 Kb8 31. Qc2 Nf4 32. Ra4 Nxg2 33. Qxg2 Bd5 34. Qg3 Qxg3+ 35. hxg3 Re8 36. Kf2 Re4 37. Re1 Rxe1 38. Kxe1 Bf3 39. Kf2 Bxg4 40. d5 Bd7 41. d6 f5 42. Ke3 h5 43. Ra1 c5 44. Kd3 Kb7 45. Rh1 h4 46. gxh4 gxh4 47. Rxh4 Kc6 48. Rh6 a5 49. Kc3 b5 50. b3 Kd5 51. Rg6 Ke5 52. Rh6 Kd5 53. Rg6 b4+ 54. Kd3 a4 55. bxa4 Bxa4 56. Rf6 Bd7 57. Rf7 Kxd6 58. Rg7 Be6 59. Ke3 Ke5 60. Rg5 c4 61. Rg7 b3 62. Rg2 Bd5 0-1

[Event "Regionalliga NW 9697"]
[Site "Bayern"]
[Date "1997.??.??"]
[Round "?"]
[White "Neumann, Christoph"]
[Black "Bebersdorf, Claus"]
[Result "1/2-1/2"]
[WhiteElo "1875"]
[BlackElo "2020"]
[PlyCount "28"]
[EventDate "1996.10.??"]
[EventType "team-tourn"]
[EventRounds "9"]
[EventCountry "GER"]
[SourceTitle "EXT 1999"]
[Source "ChessBase"]
[SourceDate "1998.11.16"]
[SourceVersion "1"]
[SourceVersionDate "1998.11.16"]
[SourceQuality "1"]
[WhiteTeam "Sand"]
[BlackTeam "Schweinfurt Fr"]
[WhiteTeamCountry "GER"]
[BlackTeamCountry "GER"]

1. e4 c5 2. Nc3 Nc6 3. f4 g6 4. Nf3 Bg7 5. d3 e6 6. g3 Nge7 7. Bg2 0-0 8. 0-0 d5 9. Ne2 b6 10. c3 Bb7 11. e5 Nf5 12. g4 Nh4 13. Nxh4 Qxh4 14. Ng3 Qe7 1/2-1/2

[Event "Regionalliga NW 9596"]
[Site "Bayern"]
[Date "1996.??.??"]
[Round "?"]
[White "Hofstetter, Hans Joachim"]
[Black "Neumann, Christoph"]
[Result "1-0"]
[WhiteElo "2050"]
[BlackElo "1725"]
[PlyCount "61"]
[EventDate "1995.10.??"]
[EventType "team-tourn"]
[EventRounds "9"]
[EventCountry "GER"]
[SourceTitle "EXT 1999"]
[Source "ChessBase"]
[SourceDate "1998.11.16"]
[SourceVersion "1"]
[SourceVersionDate "1998.11.16"]
[SourceQuality "1"]
[WhiteTeam "Bad Neustadt"]
[BlackTeam "Sand"]
[WhiteTeamCountry "GER"]
[BlackTeamCountry "GER"]

1. Nf3 d5 2. a3 Nf6 3. g3 c6 4. Bg2 Bg4 5. 0-0 e6 6. d3 Be7 7. Nbd2 Nbd7 8. c4 0-0 9. b4 Qc7 10. Bb2 a5 11. Qb3 axb4 12. axb4 Rfc8 13. h3 Bh5 14. e4 dxe4 15. dxe4 Bxf3 16. Bxf3 Qd6 17. Bc3 Ne8 18. Rxa8 Rxa8 19. Rd1 Qc7 20. c5 Bf6 21. Nc4 Ne5 22. Bxe5 Bxe5 23. Nxe5 Qxe5 24. Rd7 h5 25. Qd3 Qg5 26. Rxb7 Qc1+ 27. Qd1 Qc3 28. Kg2 Nf6 29. e5 Nd5 30. Bxd5 exd5 31. Qxh5 1-0

[Event "Regionalliga NW 9596"]
[Site "Bayern"]
[Date "1996.??.??"]
[Round "?"]
[White "Neumann, Christoph"]
[Black "Gutzeit, Kurt"]
[Result "1-0"]
[WhiteElo "1850"]
[BlackElo "2035"]
[PlyCount "99"]
[EventDate "1995.10.??"]
[EventType "team-tourn"]
[EventRounds "9"]
[EventCountry "GER"]
[SourceTitle "EXT 1999"]
[Source "ChessBase"]
[SourceDate "1998.11.16"]
[SourceVersion "1"]
[SourceVersionDate "1998.11.16"]
[SourceQuality "1"]
[WhiteTeam "Sand"]
[BlackTeam "Burgsinn"]
[WhiteTeamCountry "GER"]
[BlackTeamCountry "GER"]

1. d4 Nf6 2. Nf3 g6 3. Bg5 Bg7 4. e3 c5 5. c3 cxd4 6. exd4 d5 7. Nbd2 Nc6 8. Bd3 Bg4 9. Qb3 Qd6 10. 0-0 0-0 11. Rfe1 Bxf3 12. Nxf3 Nd7 13. Re2 e5 14. dxe5 Ndxe5 15. Nxe5 Bxe5 16. h3 b6 17. Bb5 Na5 18. Qb4 Qc7 19. Rae1 Bd6 20. Qh4 a6 21. Bf6 Rfb8 22. Bd3 Bf8 23. Re5 Bg7 24. Bxg7 Kxg7 25. Rxd5 Re8 26. Qd4+ Kg8 27. Rxe8+ Rxe8 28. Bxa6 Nc6 29. Qd2 Ne7 30. Rd7 Qe5 31. Bc4 Qc5 32. Bb3 Kf8 33. Qf4 Qf5 34. Qxf5 gxf5 35. Rd6 Nc8 36. Rf6 Re1+ 37. Kh2 Re2 38. Rxf7+ Ke8 39. Rxf5 Rxb2 40. f4 Nd6 41. Rh5 Kf8 42. Rxh7 Ne4 43. Rc7 Nd2 44. Rf7+ Ke8 45. Rf6 Ke7 46. Rxb6 Nf1+ 47. Kg1 Ng3 48. Rb4 Ne2+ 49. Kh2 Nxc3 50. Rc4 1-0

[Event "Regionalliga NW 9596"]
[Site "Bayern"]
[Date "1996.??.??"]
[Round "?"]
[White "Neumann, Christoph"]
[Black "Scholz, Michael2222"]
[Result "1-0"]
[WhiteElo "1850"]
[BlackElo "1700"]
[PlyCount "91"]
[EventDate "1995.10.??"]
[EventType "team-tourn"]
[EventRounds "9"]
[EventCountry "GER"]
[SourceTitle "EXT 1999"]
[Source "ChessBase"]
[SourceDate "1998.11.16"]
[SourceVersion "1"]
[SourceVersionDate "1998.11.16"]
[SourceQuality "1"]
[WhiteTeam "Sand"]
[BlackTeam "Hof SK II"]
[WhiteTeamCountry "GER"]
[BlackTeamCountry "GER"]

1. d4 d5 2. Nf3 Nf6 3. e3 e6 4. Bd3 a6 5. 0-0 Nbd7 6. Nbd2 Bd6 7. c3 0-0 8. e4 dxe4 9. Nxe4 Nxe4 10. Bxe4 h6 11. Qe2 c5 12. Rd1 Qc7 13. Be3 cxd4 14. cxd4 Nf6 15. Rac1 Qb8 16. Bb1 b5 17. Bd2 Bb7 18. Ne5 Rc8 19. h3 Rxc1 20. Rxc1 Qf8 21. Rc3 Bb4 22. Rc7 Bxd2 23. Rxb7 Bf4 24. Qc2 Rc8 25. Rc7 Rxc7 26. Qxc7 Bxe5 27. dxe5 Ne8 28. Qc6 g6 29. Bd3 Kg7 30. Qxa6 b4 31. Qc6 Qe7 32. Bb5 Nc7 33. Qd6 Kf8 34. Bc6 Qxd6 35. exd6 Nd5 36. a4 bxa3 37. bxa3 Nb6 38. Bb5 f5 39. a4 e5 40. a5 Nd5 41. f3 e4 42. fxe4 fxe4 43. a6 Nb6 44. Kf2 Kf7 45. Ke3 Ke6 46. d7 1-0

[Event "Regionalliga NW 9697"]
[Site "Bayern"]
[Date "1996.??.??"]
[Round "?"]
[White "Reer, Erdmann"]
[Black "Neumann, Christoph"]
[Result "1/2-1/2"]
[WhiteElo "1960"]
[BlackElo "1875"]
[PlyCount "112"]
[EventDate "1996.10.??"]
[EventType "team-tourn"]
[EventRounds "9"]
[EventCountry "GER"]
[SourceTitle "EXT 1999"]
[Source "ChessBase"]
[SourceDate "1998.11.16"]
[SourceVersion "1"]
[SourceVersionDate "1998.11.16"]
[SourceQuality "1"]
[WhiteTeam "Coburg"]
[BlackTeam "Sand"]
[WhiteTeamCountry "GER"]
[BlackTeamCountry "GER"]

1. e4 c6 2. d4 d5 3. exd5 cxd5 4. c4 Nf6 5. Nf3 g6 6. c5 Nc6 7. Bb5 Bd7 8. 0-0 Bg7 9. Nc3 0-0 10. Bg5 Bg4 11. Bxc6 bxc6 12. h3 Bxf3 13. Qxf3 Nd7 14. Rfe1 Re8 15. Rad1 Bf6 16. Bxf6 Nxf6 17. b4 a6 18. Qd3 Qb8 19. Rb1 e5 20. a4 e4 21. Qe3 Nh5 22. b5 axb5 23. axb5 f5 24. bxc6 Qd8 25. g3 f4 26. gxf4 Rf8 27. Ne2 Qh4 28. c7 Rac8 29. Rb7 Nxf4 30. Nxf4 Rxf4 31. Qg3 Qxg3+ 32. fxg3 Rf7 33. Rf1 Rfxc7 34. Rxc7 Rxc7 35. Rf6 Rd7 36. c6 Rc7 37. Kf2 Kg7 38. Rd6 Kf7 39. Ke3 Ke7 40. Rxd5 Rxc6 41. Kxe4 Rc3 42. Kf4 Ke6 43. Re5+ Kf6 44. Re3 Rc7 45. Rd3 Ke6 46. d5+ Kd6 47. Kg5 Rf7 48. g4 Rf2 49. h4 Rf7 50. h5 gxh5 51. gxh5 Re7 52. Kh6 Rf7 53. Rd1 Rf5 54. Rg1 Kxd5 55. Rg7 Ke6 56. Rxh7 Rf7 1/2-1/2

[Event "Regionalliga NW 9495"]
[Site "Bayern"]
[Date "1995.??.??"]
[Round "?.6"]
[White "Bachmann, Wolfgang"]
[Black "Neumann, Christoph"]
[Result "1-0"]
[WhiteElo "1900"]
[BlackElo "1830"]
[PlyCount "73"]
[EventDate "1994.10.??"]
[EventType "team-tourn"]
[EventRounds "9"]
[EventCountry "GER"]
[SourceTitle "EXT 1999"]
[Source "ChessBase"]
[SourceDate "1998.11.16"]
[SourceVersion "1"]
[SourceVersionDate "1998.11.16"]
[SourceQuality "1"]
[WhiteTeam "Burgsinn"]
[BlackTeam "Sand"]
[WhiteTeamCountry "GER"]
[BlackTeamCountry "GER"]

1. d4 d5 2. c4 Bf5 3. Nc3 e6 4. Nf3 c6 5. Qb3 Qc8 6. Bf4 Nf6 7. h3 Nbd7 8. e3 Be7 9. cxd5 exd5 10. Rc1 0-0 11. Be2 Nb6 12. 0-0 Qd8 13. Rfd1 Re8 14. a4 Bd6 15. Ne5 Qe7 16. a5 Nbd7 17. Qxb7 Nxe5 18. Qxe7 Rxe7 19. dxe5 Bxe5 20. Bxe5 Rxe5 21. Na4 d4 22. Rxd4 Rxa5 23. Bf3 Kf8 24. Rxc6 Rb8 25. Rc3 Be6 26. Bc6 Rg5 27. Kf1 Ke7 28. e4 g6 29. f4 Ra5 30. b4 Rh5 31. Nc5 Rh4 32. Nxe6 fxe6 33. e5 Nd5 34. Bxd5 exd5 35. Rc7+ Ke6 36. Rxa7 h5 37. f5+ 1-0

[Event "Regionalliga NW 9495"]
[Site "Bayern"]
[Date "1995.??.??"]
[Round "?.6"]
[White "Neumann, Christoph"]
[Black "Reinhart, Harald"]
[Result "1/2-1/2"]
[WhiteElo "1830"]
[BlackElo "2040"]
[PlyCount "55"]
[EventDate "1994.10.??"]
[EventType "team-tourn"]
[EventRounds "9"]
[EventCountry "GER"]
[SourceTitle "EXT 1999"]
[Source "ChessBase"]
[SourceDate "1998.11.16"]
[SourceVersion "1"]
[SourceVersionDate "1998.11.16"]
[SourceQuality "1"]
[WhiteTeam "Sand"]
[BlackTeam "Obernburg"]
[WhiteTeamCountry "GER"]
[BlackTeamCountry "GER"]

1. d4 Nf6 2. Nf3 c5 3. c3 e6 4. Bg5 d5 5. e3 Nc6 6. Bd3 cxd4 7. exd4 Be7 8. Nbd2 0-0 9. 0-0 Bd7 10. Re1 a6 11. a4 Rc8 12. Ne5 Nxe5 13. dxe5 Ne8 14. Bf4 g6 15. Re3 Bg5 16. Qg4 Bxf4 17. Qxf4 f5 18. h4 Qe7 19. Rg3 Kh8 20. h5 gxh5 21. Nf3 Rg8 22. Rxg8+ Kxg8 23. Re1 Qg7 24. Re3 Qg4 25. Qh6 Qg6 26. Qf4 Qg4 27. Qh6 Qg6 28. Qf4 1/2-1/2

[Event "Regionalliga NW 9495"]
[Site "Bayern"]
[Date "1994.??.??"]
[Round "?.6"]
[White "Kochseder, Georg"]
[Black "Neumann, Christoph"]
[Result "1-0"]
[WhiteElo "2015"]
[BlackElo "1830"]
[PlyCount "47"]
[EventDate "1994.10.??"]
[EventType "team-tourn"]
[EventRounds "9"]
[EventCountry "GER"]
[SourceTitle "EXT 1999"]
[Source "ChessBase"]
[SourceDate "1998.11.16"]
[SourceVersion "1"]
[SourceVersionDate "1998.11.16"]
[SourceQuality "1"]
[WhiteTeam "Bamberg TV"]
[BlackTeam "Sand"]
[WhiteTeamCountry "GER"]
[BlackTeamCountry "GER"]

1. e4 c6 2. d4 d5 3. Nc3 dxe4 4. Nxe4 Bf5 5. Ng3 Bg6 6. Nf3 Nd7 7. Bd3 e6 8. Bxg6 hxg6 9. h3 Ngf6 10. Qd3 Bd6 11. Ne4 Nxe4 12. Qxe4 Nf6 13. Qd3 Qc7 14. Bd2 0-0-0 15. 0-0-0 c5 16. dxc5 Bxc5 17. Qe2 Nd5 18. Rhf1 Kb8 19. Qe5 Bd6 20. Qxg7 Rc8 21. c3 Nb4 22. Kb1 Nxa2 23. Qd4 Nb4 24. Be3 1-0

[Event "Unterfranken-ch M2 45th"]
[Site "Oberweissenbrunn"]
[Date "1994.??.??"]
[Round "1"]
[White "Lutz, Gerhard"]
[Black "Neumann, Christoph"]
[Result "0-1"]
[WhiteElo "1696"]
[BlackElo "1825"]
[PlyCount "117"]
[EventDate "1994.04.04"]
[EventType "swiss"]
[EventRounds "9"]
[EventCountry "GER"]
[SourceTitle "EXT 2015"]
[Source "ChessBase"]
[SourceDate "2014.11.20"]
[SourceVersion "1"]
[SourceVersionDate "2014.11.20"]
[SourceQuality "1"]

1. e4 c6 2. d4 d5 3. e5 Bf5 4. Bd3 Bxd3 5. Qxd3 Qa5+ 6. Bd2 Qa6 7. Qxa6 Nxa6 8. Nf3 e6 9. a3 Ne7 10. 0-0 c5 11. c3 Nf5 12. g4 Ne7 13. Bf4 h5 14. g5 g6 15. Nh4 cxd4 16. cxd4 Nc6 17. Rd1 Be7 18. b4 Nc7 19. Nc3 Kd7 20. Na4 b5 21. Nc5+ Bxc5 22. dxc5 a5 23. Bd2 axb4 24. axb4 Rxa1 25. Rxa1 Ra8 26. Rxa8 Nxa8 27. f4 Nc7 28. Nf3 Na6 29. Kg2 Naxb4 30. Bxb4 Nxb4 31. Nd4 Nd3 32. c6+ Kc7 33. Nxb5+ Kxc6 34. Nd6 Nxf4+ 35. Kf3 Nd3 36. Nxf7 Kc5 37. Ke3 Kc4 38. Nd6+ Kc3 39. Nb5+ Kb4 40. Nd4 Nxe5 41. Nxe6 Kc3 42. Nf4 Ng4+ 43. Ke2 d4 44. Nd5+ Kc2 45. Nb4+ Kb3 46. Nd3 Nxh2 47. Nf4 Kc2 48. Nd3 Ng4 49. Ne1+ Kc3 50. Nd3 Ne3 51. Nf4 Nc4 52. Nd5+ Kc2 53. Nb4+ Kb3 54. Nd3 Kc3 55. Nf4 Nb2 56. Nd5+ Kc2 57. Nb4+ Kb3 58. Nc6 Kc3 59. Ne5 0-1

[Event "Unterfranken-ch M2 44th"]
[Site "Rieneck"]
[Date "1993.??.??"]
[Round "2"]
[White "Neumann, Christoph"]
[Black "Neuberger, Dirk"]
[Result "1/2-1/2"]
[WhiteElo "1815"]
[BlackElo "1916"]
[PlyCount "43"]
[EventDate "1993.04.12"]
[EventType "swiss"]
[EventRounds "9"]
[EventCountry "GER"]
[SourceTitle "EXT 2015"]
[Source "ChessBase"]
[SourceDate "2014.11.20"]
[SourceVersion "1"]
[SourceVersionDate "2014.11.20"]
[SourceQuality "1"]

1. d4 Nf6 2. c4 e6 3. Nc3 Bb4 4. a3 Bxc3+ 5. bxc3 c5 6. f3 d6 7. e4 Nc6 8. Be3 b6 9. Bd3 e5 10. d5 Ne7 11. Ne2 h6 12. Qd2 Bd7 13. h4 h5 14. Ng3 Qc7 15. Bg5 0-0-0 16. Bc2 Qb7 17. a4 a5 18. Rb1 Kb8 19. Nf5 Nxf5 20. exf5 Ka7 21. 0-0 Rb8 22. Rbe1 1/2-1/2